000 00367nam a22001457a 4500
020 _a9780735618794
040 _cNUST
082 _a005.1
_bWIE
100 _aKarl E. Wiegers
_9124572
245 _aSoftware Requirements
250 _aSecond Edition
260 _aWashington:
_bMicrosoft Press,
_c2003.
650 _aSoftware Requirements
_9124573
942 _2ddc
_cBK
999 _c610393
_d610393